[Event "EU-ch blitz 29th"]
[Site "Warsaw"]
[Date "2010.12.17"]
[Round "11"]
[White "Wojtaszek, Radoslaw"]
[Black "Rublevsky, Sergei"]
[Result "1-0"]
[WhiteElo "2726"]
[BlackElo "2678"]
[PlyCount "105"]
[EventDate "2010.12.17"]
[EventType "swiss (blitz)"]
[EventRounds "13"]
[EventCountry "POL"]
[SourceTitle "CBM 139 Extra"]
[Source "ChessBase"]
[SourceDate "2011.01.05"]
[SourceVersion "1"]
[SourceVersionDate "2011.01.05"]
[SourceQuality "1"]

1. Nf3 d5 2. c4 dxc4 3. Na3 a6 4. Nxc4 b5 5. Ne3 Bb7 6. g3 e6 7. Bg2 Nf6 8. O-O Nbd7 9. b3 Be7 10. Bb2 O-O 11. Qc2 c5 12. Rac1 h6 13. Rfd1 Rc8 14. Qb1 Qb6 15. Qa1 Rfd8 16. Ne5 $146 ({RR} 16. h3 Bf8 17. d3 Bc6 18. Ng4 Nxg4 19. hxg4 Qb7 20. e4 a5 21. g5 hxg5 22. Nxg5 a4 23. Bh3 Re8 24. Kg2 axb3 25. Rh1 c4 26. Bxe6 Rxe6 27. Rh8+ {1-0 (27) Fier,A (2558)-Aloma Vidal,R (2428) Batumi 2018}) ({RR} 16. d3 Ne8 17. Rc2 Bf6 18. Rdc1 Bxb2 19. Qxb2 Nef6 20. a4 Nd5 21. Nxd5 Bxd5 22. axb5 axb5 23. b4 c4 24. dxc4 Rxc4 25. Rxc4 Bxc4 26. Nd4 Nf6 27. Nc6 Re8 28. Qd4 Qxd4 29. Nxd4 e5 30. Nc6 Bxe2 {Belous,V (2567)-Wang,J (2064) Columbus 2018 1-0 (60)}) 16... Bxg2 17. Kxg2 Nxe5 18. Bxe5 Qb7+ 19. Kg1 Qe4 20. d3 Qg6 21. a4 Ng4 22. Nxg4 Qxg4 23. Rc2 Rd5 24. axb5 axb5 25. Bf4 Qh3 26. f3 Bf6 27. Qa6 Rcd8 28. Qxb5 Bd4+ 29. Kh1 Bf2 30. Qb6 Ra8 31. Qc6 Rad8 32. Qc7 f6 33. e4 Rxd3 34. Qxd8+ Rxd8 35. Rxd8+ Kh7 36. Rxf2 e5 37. Be3 Qe6 38. Rd5 Qa6 39. Bxc5 Qa1+ 40. Kg2 Qc3 41. b4 Qb3 42. Rd7 Kg8 43. Rfd2 h5 44. h4 Qc3 45. R7d3 Qc4 46. Kf2 Qb5 47. Rc3 Qa4 48. Rb2 Qa1 49. Rcc2 Qh1 50. b5 Qh2+ 51. Ke3 Qg1+ 52. Ke2 Qxg3 53. b6 1-0

[Event "EU-ch rapid"]
[Site "Warsaw"]
[Date "2010.12.19"]
[Round "11"]
[White "Movsesian, Sergei"]
[Black "Gritsak, Orest"]
[Result "1-0"]
[WhiteElo "2721"]
[BlackElo "2539"]
[PlyCount "75"]
[EventDate "2010.12.18"]
[EventType "swiss (rapid)"]
[EventRounds "13"]
[EventCountry "POL"]
[SourceTitle "CBM 139 Extra"]
[Source "ChessBase"]
[SourceDate "2011.01.05"]
[SourceVersion "1"]
[SourceVersionDate "2011.01.05"]
[SourceQuality "1"]

1. e4 c5 2. d3 Nc6 3. g3 d5 4. Nd2 Nf6 5. Bg2 e5 6. Ngf3 Be7 7. O-O O-O 8. c3 Re8 9. exd5 Nxd5 10. Re1 Bf8 11. Nc4 f6 12. Qb3 Be6 ({RR} 12... Kh8 13. Ncxe5 Nxe5 14. Nxe5 Be6 15. Nc4 Nb6 16. Qc2 Nxc4 17. dxc4 Bxc4 18. Bf4 Qb6 19. b3 Bf7 20. h4 c4 21. b4 a5 22. bxa5 Rxe1+ 23. Rxe1 Qxa5 24. Bxb7 Qxa2 25. Qf5 Rd8 26. h5 Qa7 27. Be4 {Movsesian,S (2723)-Gelfand,B (2720) Moscow 2008 1-0 (58)}) ({RR} 12... Re6 13. a4 Kh8 14. a5 Rb8 15. Ncxe5 {1-0 (15) Movsesian,S (2747)-Likavsky,T (2487) Hustopece 2009}) 13. Qxb7 Rc8 14. Qb5 $146 ({RR} 14. Nfd2 Re7 15. Qb3 Rd7 16. a3 Nb6 17. Qc2 Nxc4 18. dxc4 f5 19. Bxc6 Rxc6 20. Nf3 Bd6 21. Ng5 Qf6 22. Be3 Be7 23. Nxe6 Qxe6 24. Rad1 Rxd1 25. Rxd1 f4 26. Bc1 Qxc4 27. b3 Qe6 28. c4 Rd6 {Salaun,Y (2386)-Relange,E (2499) France 2003 ½-½ (41)}) 14... Qd7 15. Qa4 Red8 16. Nfd2 Bh3 17. Bxh3 Qxh3 18. Ne3 Nb6 19. Qe4 Qd7 20. a4 Qxd3 21. Qg4 Qd7 22. Qf3 Na5 23. h4 Nd5 24. Nec4 Nxc4 25. Nxc4 Qe6 26. Qe4 Nb6 27. Ne3 c4 28. a5 Nd7 29. Rf1 Rc6 30. h5 Rdc8 31. Ra2 Nc5 32. Qxc4 Qxc4 33. Nxc4 Nb3 34. Nd2 Nc5 35. b3 Nd3 36. c4 Ra6 37. Ne4 f5 38. Nc3 1-0

[Event "EU-ch rapid playoff"]
[Site "Warsaw"]
[Date "2010.12.19"]
[Round "2"]
[White "Almasi, Zoltan"]
[Black "Shirov, Alexei"]
[Result "1-0"]
[WhiteElo "2721"]
[BlackElo "2735"]
[PlyCount "71"]
[EventDate "2010.12.19"]
[EventType "k.o. (blitz)"]
[EventRounds "3"]
[EventCountry "POL"]
[SourceTitle "CBM 139 Extra"]
[Source "ChessBase"]
[SourceDate "2011.01.05"]
[SourceVersion "1"]
[SourceVersionDate "2011.01.05"]
[SourceQuality "1"]

1. Nf3 d5 2. g3 Bg4 3. Bg2 Nd7 4. O-O e5 5. d3 Ngf6 6. Nbd2 c6 7. h3 Bh5 8. Qe1 ({RR} 8. g4 Bg6 9. Nh4 Bd6 10. e3 Nf8 11. f4 N6d7 12. Qe1 f6 13. e4 d4 14. Nc4 Bc7 15. Nf5 Bxf5 16. exf5 Qe7 17. a4 exf4 18. Bxf4 Bxf4 19. Rxf4 Ne5 20. Rxd4 Nfd7 21. Nd6+ Kf8 22. a5 h5 {Caruana,F (2791)-Movsesian,S (2672) Dubai 2014 1-0 (37)}) 8... Bc5 ({RR} 8... Qc7 9. e4 dxe4 10. dxe4 Bc5 11. a4 O-O 12. Nc4 Rfe8 13. Nh4 Nf8 14. b4 Be7 15. Bb2 N6d7 16. Nf5 Ne6 17. Qc3 Bf6 18. Bf3 Bg6 19. Ncd6 Red8 20. Rad1 Nd4 21. Nc4 Bxf5 22. exf5 e4 23. Rxd4 {Yang,K (2096)-Remizov,Y (2446) chess.com INT 2024 ½-½ (44)}) 9. Nh4 ({RR} 9. e4 O-O 10. Nb3 Bb6 11. Nh4 Re8 12. a4 a5 13. Bg5 dxe4 14. dxe4 Nc5 15. Nxc5 Bxc5 16. Nf5 h6 17. Be3 Bb4 18. Qb1 Be2 19. Rc1 Bd2 20. Bxd2 Qxd2 21. Re1 Rad8 22. Ne3 Nd7 23. Qc1 Nc5 {Almasi,Z (2702)-Wojtaszek,R (2746) Germany 2016 ½-½ (72)}) 9... O-O 10. g4 $146 ({RR} 10. e4 dxe4 11. dxe4 Re8 12. Nb3 Bb6 13. Be3 Nf8 14. Nf5 Ne6 15. a4 Bxe3 16. Qxe3 Qb6 17. a5 Qxe3 18. fxe3 Be2 19. Rf2 Bc4 20. Nd6 Bxb3 21. Nxe8 Rxe8 22. cxb3 Nc5 23. Rc2 Ncxe4 24. a6 bxa6 {Maltsevskaya,A (2389)-Begunov,K (2325) chess.com INT 2023 ½-½ (76)}) ({RR} 10. e4 dxe4 11. dxe4 Re8 12. Nb3 Bb6 13. Be3 Nf8 14. Nf5 Ne6 15. a4 Bxe3 16. Qxe3 Qb6 17. a5 Qxe3 18. fxe3 Be2 19. Rf2 Bc4 20. Nd6 Bxb3 21. Nxe8 Rxe8 22. cxb3 Nc5 23. Rc2 Ncxe4 24. a6 bxa6 {Maltsevskaya,A (2389)-Begunov,K (2325) chess.com INT 2023 ½-½ (76)}) 10... Bg6 11. e3 Re8 12. Nxg6 hxg6 13. c4 Nf8 14. Nb3 Bb6 15. cxd5 cxd5 16. Bd2 e4 17. Bc3 Ne6 18. Rd1 Qe7 19. dxe4 dxe4 20. Qe2 Nc5 21. g5 Nfd7 22. h4 Nxb3 23. axb3 Rad8 24. b4 Bc7 25. Qg4 Nb6 26. Rxd8 Bxd8 27. Rd1 Bc7 28. h5 gxh5 29. Qxh5 Na4 30. Bd4 Bb6 31. g6 fxg6 32. Qxg6 Bxd4 33. Rxd4 Qf7 34. Qg4 Rf8 35. Qg3 Nxb2 36. Bxe4 1-0

[Event "Rilton Cup 40th"]
[Site "Stockholm"]
[Date "2010.12.29"]
[Round "3"]
[White "Grandelius, Nils"]
[Black "Sokolov, Ivan"]
[Result "1-0"]
[WhiteElo "2525"]
[BlackElo "2642"]
[PlyCount "81"]
[EventDate "2010.12.27"]
[EventType "swiss"]
[EventRounds "9"]
[EventCountry "SWE"]
[SourceTitle "CBM 140 Extra"]
[Source "ChessBase"]
[SourceDate "2011.03.01"]
[SourceVersion "1"]
[SourceVersionDate "2011.03.01"]
[SourceQuality "1"]

1. Nf3 d5 2. c4 dxc4 3. e3 Be6 4. Ng5 Bd5 5. e4 Bc6 6. Bxc4 e6 7. d3 Be7 ({RR} 7... Bb4+ 8. Nc3 Nf6 9. O-O O-O 10. Be3 Nbd7 11. a3 Be7 12. Qc2 Ne5 13. Rad1 h6 14. Nf3 Nxf3+ 15. gxf3 e5 16. d4 exd4 17. Bxd4 Qc8 18. Nd5 Bxd5 19. exd5 Qh3 20. Qd3 Nh5 21. Be5 Bd6 22. Qe4 {Chemin,V (2131)-Wael Sabry,M (2043) chess.com INT 2024 0-1}) 8. Qg4 Nf6 9. Qh3 Qd7 10. O-O $146 ({RR} 10. Nc3 b5 11. Bb3 Na6 12. Be3 Nc5 13. Bxc5 Bxc5 14. O-O h6 15. Rac1 Bb6 16. Rfd1 Qe7 17. d4 O-O 18. Nf3 Nxe4 19. Ne5 Ng5 20. Qd3 Be8 21. h4 Nh7 22. Bc2 f5 23. Bb3 c6 24. Ne2 Qd6 {Malek,D (2383)-Wierzbicki,J (2161) Berlin 2018 1-0 (34)}) ({RR} 10. Nc3 b5 11. Bb3 Na6 12. Be3 Nc5 {½-½ (12) Wendt,J (2357)-Rabiega,R (2505) Berlin 2012}) 10... Na6 11. a3 b5 12. Ba2 Nc5 13. Nc3 a5 14. Be3 h5 15. Rfd1 b4 16. Ne2 Ng4 17. Bxc5 Bxc5 18. d4 Bb6 19. Qd3 Qe7 20. Nf3 Rd8 21. Bc4 Bb7 22. axb4 Qxb4 23. Rac1 O-O 24. h3 Nf6 25. e5 Ne4 26. Nf4 Qxb2 27. Qe3 g6 28. Nd3 Qa3 29. Qh6 Rfe8 30. Bb5 Qf8 31. Qf4 Bxd4 32. Bxe8 Qxe8 33. Rxc7 Nc3 34. Re1 Bxf3 35. Qxf3 Nd5 36. Rb7 a4 37. Re4 a3 38. Rxd4 a2 39. Ra4 Rb8 40. Rba7 Nc3 41. Rxa2 1-0

[Event "Reggio Emilia 53rd"]
[Site "Reggio Emilia"]
[Date "2011.01.05"]
[Round "8"]
[White "Morozevich, Alexander"]
[Black "Godena, Michele"]
[Result "1-0"]
[WhiteElo "2715"]
[BlackElo "2548"]
[PlyCount "87"]
[EventDate "2010.12.28"]
[EventType "tourn"]
[EventRounds "9"]
[EventCountry "ITA"]
[EventCategory "18"]
[SourceTitle "CBM 140"]
[Source "ChessBase"]
[SourceDate "2011.01.18"]
[SourceVersion "1"]
[SourceVersionDate "2011.01.18"]
[SourceQuality "1"]

1. Nf3 d5 2. g3 c6 3. Bg2 Bg4 4. d3 Nd7 5. Nbd2 Ngf6 6. h3 Bxf3 7. Nxf3 e5 8. O-O Qc7 ({RR} 8... Be7 9. Nh4 O-O 10. Nf5 Re8 11. Nxe7+ Qxe7 12. e4 dxe4 13. dxe4 Nc5 14. Qe2 Rad8 15. Be3 Ncxe4 16. Bxa7 Nc5 17. Bb6 Ra8 18. b3 Ra6 19. Bxc5 Qxc5 20. c4 Ra3 21. Rad1 e4 22. Rfe1 h6 23. Rd2 {Morozevich,A (2755)-Gelfand,B (2736) Moscow 2007 ½-½ (48)}) ({RR} 8... Bd6 9. Nh2 O-O 10. Ng4 Qe7 11. e4 dxe4 12. dxe4 Nxg4 13. hxg4 Nc5 14. g5 Rad8 15. Qh5 Ne6 16. c3 a5 17. Bd2 Bc5 18. Rad1 Rd6 19. Bc1 Rfd8 20. Rde1 g6 21. Qg4 R8d7 22. Kh1 f6 23. f4 {Duda,J (2733)-Dobre,C (2259) chess.com INT 2024 1-0 (60)}) 9. c4 $146 ({RR} 9. b3 Bd6 10. c4 Rc8 11. Nh4 O-O 12. Nf5 Rfe8 13. Nxd6 Qxd6 14. a4 Qe6 15. a5 e4 16. Be3 a6 17. Qd2 Ne5 18. Rfd1 exd3 19. exd3 Rcd8 20. Bb6 Rd6 21. f4 Ng6 22. Qf2 Qe2 23. f5 Qxf2+ {Reinecke,K-Grabmeier,J Bad Koenigshofen 1978 1-0 (74)}) 9... dxc4 10. dxc4 Bc5 11. e3 O-O 12. Qc2 Rfe8 13. b3 a5 14. Bb2 a4 15. Bc3 axb3 16. axb3 Rxa1 17. Rxa1 Qd6 18. Ra4 Qe7 19. Nd2 Nb6 20. Ra5 Nbd7 21. Qb2 Bb4 22. Bxb4 Qxb4 23. Ra4 Qf8 24. b4 Ra8 25. Rxa8 Qxa8 26. c5 Qa4 27. Nc4 h6 28. Bf1 Kf8 29. Qd2 Kg8 30. h4 e4 31. Bh3 Nf8 32. Nd6 Nd5 33. b5 Qa1+ 34. Kg2 Qe5 35. b6 Qe7 36. Qd4 Nf6 37. Nf5 Qe8 38. Nxh6+ Kh7 39. Nf5 Ne6 40. Qc4 Nd8 41. Nd6 Qe5 42. Nxf7 Nxf7 43. Qxf7 Qxc5 44. Qxb7 1-0

[Event "Gibraltar Masters 9th"]
[Site "Caleta"]
[Date "2011.01.28"]
[Round "4"]
[White "Rapport, Richard"]
[Black "Vallejo Pons, Francisco"]
[Result "1-0"]
[WhiteElo "2531"]
[BlackElo "2698"]
[PlyCount "105"]
[EventDate "2011.01.25"]
[EventType "swiss"]
[EventRounds "10"]
[EventCountry "GGB"]
[SourceTitle "CBM 141"]
[Source "ChessBase"]
[SourceDate "2011.03.17"]
[SourceVersion "1"]
[SourceVersionDate "2011.03.17"]
[SourceQuality "1"]

1. Nf3 Nf6 2. g3 d5 3. Bg2 c6 4. O-O Bf5 5. b3 h6 6. Bb2 e6 7. d3 ({RR} 7. Ne5 Nbd7 8. Nxd7 Qxd7 9. d3 Be7 10. Nd2 Bh7 11. e4 O-O 12. Qe2 a5 13. a3 b5 14. Rad1 Rad8 15. Nf3 Qb7 16. Ne5 Nd7 17. Ng4 dxe4 18. Bxe4 f5 19. Bg2 fxg4 20. Qxe6+ Rf7 21. Bxc6 Nc5 {Nakamura,H (2769)-Karjakin,S (2782) Stavanger 2018 1-0 (42)}) 7... Bh7 8. Nbd2 ({RR} 8. Nc3 Be7 9. Nd2 O-O 10. e4 a5 11. Kh1 Na6 12. f4 Nc5 13. e5 Nfd7 14. a4 Na6 15. Nf3 Nb4 16. g4 c5 17. Na2 Nxa2 18. Rxa2 c4 19. Nd4 Qb6 20. Nb5 cxd3 21. cxd3 Rac8 22. f5 Qe3 {Theodorou,N (2611)-Maghsoodloo,P (2680) chess.com INT 2025 1-0 (35)}) 8... Be7 9. c4 $146 ({RR} 9. e4 O-O 10. Qe2 a5 11. a4 Na6 12. e5 Nd7 13. Kh1 c5 14. Ne1 Nb4 15. f4 Re8 16. g4 Bf8 17. Rf3 Qc7 18. Rh3 Rac8 19. c3 Nc6 20. Nc2 g5 21. fxg5 Qxe5 22. Qf2 hxg5 23. Re1 Qg7 {Cech,T (2180)-Sobek,J (2290) Czech Republic 1996 0-1 (33)}) 9... Nbd7 10. a3 O-O 11. Rc1 Re8 12. b4 a5 13. Qb3 Bd6 14. c5 Bc7 15. Rfe1 e5 16. e4 d4 17. Nh4 Nf8 18. Nc4 Qd7 19. Rc2 g5 20. Nf3 Ng6 21. bxa5 Bxa5 22. Nfd2 Bc7 23. Nb6 Bxb6 24. Qxb6 Qe7 25. Qb4 Nd7 26. Bh3 h5 27. Bf5 Ra7 28. Nb3 f6 29. Bc1 Kh8 30. Kh1 Ndf8 31. f4 gxf4 32. gxf4 Nh4 33. Bh3 Ne6 34. Rf2 Raa8 35. Ref1 Rf8 36. Qe1 exf4 37. Bxf4 Nxf4 38. Rxf4 Ng6 39. Rf5 Rxa3 40. Qd1 Ne5 41. Rxh5 Rf7 42. Bf5 Kg8 43. Rg1+ Kf8 44. Rh3 Bg8 45. Rhg3 Bh7 46. Bxh7 Rxh7 47. Rg8+ Kf7 48. Nxd4 f5 49. R8g7+ Rxg7 50. Rxg7+ Kxg7 51. Nxf5+ Kf6 52. Nxe7 Kxe7 53. Qc1 1-0

[Event "Moscow Young GM"]
[Site "Moscow"]
[Date "2011.01.28"]
[Round "2"]
[White "Kuzubov, Yuriy"]
[Black "Chadaev, Nikolay"]
[Result "1-0"]
[WhiteElo "2624"]
[BlackElo "2568"]
[PlyCount "115"]
[EventDate "2011.01.27"]
[EventType "tourn"]
[EventRounds "11"]
[EventCountry "RUS"]
[EventCategory "15"]
[SourceTitle "CBM 141"]
[Source "ChessBase"]
[SourceDate "2011.03.17"]
[SourceVersion "1"]
[SourceVersionDate "2011.03.17"]
[SourceQuality "1"]

1. Nf3 {Marin,Mihail} d5 2. g3 c6 3. Bg2 Bf5 4. b3 Nf6 5. O-O Nbd7 6. Bb2 e6 7. d3 h6 ({RR} 7... Be7 8. Nbd2 O-O 9. Nh4 Bg4 10. h3 Bh5 11. g4 Ne8) 8. Nbd2 Bh7 ({RR} 8... Bd6 9. e4 dxe4 ({RR} 9... Bg4) 10. dxe4 Bxe4 11. Nxe4 Nxe4 12. Bxg7 Rg8 13. Bb2) ({RR} 8... Be7 9. e4 dxe4 10. dxe4) 9. e4 dxe4 ({RR} 9... Bb4 10. a3 Ba5 11. Qe2 O-O 12. b4 Bc7 13. e5 Ne8 14. c4 g5 15. Nb3 Ng7 16. h3 Qe7 17. Bc3 Rae8 18. Rfe1 Bg6 19. Rad1 Bh5 20. g4 Bg6 21. Bd4 Bb6 22. Bc3 Rc8 23. Qb2 Rfd8 24. a4 {Artemiev,V (2761)-Fedoseev,V (2680) Poikovsky 2019 1-0 (56)}) ({RR} 9... Bc5 10. e5 Ng8 11. d4 ({RR} 11. Qe2 Ne7 12. Kh1 a5 13. Nh4 Nf8 14. f4 Nfg6 15. Ndf3 a4 16. Bh3 O-O 17. f5 Nxh4 18. Nxh4 Nxf5 19. Nxf5 Bxf5 20. Bxf5 exf5 21. Rxf5 axb3 22. axb3 Rxa1+ 23. Bxa1 Qd7) 11... Bb6 ({RR} 11... Bf8 12. c4 Ne7 13. Ne1 g5 14. Qe2 Nf5) ({RR} 11... Bb4 12. c3 Bf8 13. a4 Ne7 14. b4 a5 15. b5 cxb5 16. axb5 Bd3 17. Re1 Bxb5) ({RR} 11... Be7 12. c4 g5 13. Ne1 Bg6 14. Qe2 ({RR} 14. f4 h5 15. cxd5 cxd5 16. f5 Bxf5 17. Bxd5 Bg4 18. Bf3 Nh6 19. Ne4) 14... h5 15. Nd3 Nh6) 12. c4 Ne7 13. Ba3 O-O ({RR} 13... c5 14. cxd5 exd5 ({RR} 14... Nxd5 15. Nc4) 15. Bh3 cxd4 16. e6) 14. Bd6 ({RR} 14. Rc1 Rc8 15. Bd6 c5 16. cxd5 exd5 17. Bh3) 14... dxc4 ({RR} 14... c5 15. cxd5 exd5 16. dxc5 Bxc5) 15. bxc4 Bc7 16. Qb3 Rb8 17. Qa3 Re8 18. Rac1 Ra8 19. Nb3 a5 20. Rfd1 Nf5 21. Bxc7 ({RR} 21. c5 Ne7) 21... Qxc7 22. d5 exd5 23. cxd5 Nxe5 24. Nxe5 {Kuzubov,Y (2690)-Parligras,M (2613) Baile Govora 2017 CBM 182 [Marin,Mihail] 1-0 (40)} {RR} Qxe5 25. dxc6 bxc6 26. Bxc6) 10. dxe4 Be7 $146 ({RR} 10... Nxe4 11. Nxe4 Bxe4 12. Qe2 Bxf3 13. Qxf3 Qg5 14. Rad1 Be7 15. h4 Qg6 16. Qf4 O-O-O 17. Qa4 Bc5 ({RR} 17... Kb8 18. b4) 18. b4 Qg4 19. c4 Qxc4 20. Bxc6 Nb6 21. Qxa7 Bxf2+ 22. Kxf2 Qxc6 23. Bd4 Nc4 24. Rc1 b5 25. a4 {Forster,R (2459)-Dunis,A (2405) Leipzig 2002 1-0 (34)}) ({RR} 10... Nxe4 11. Nxe4 Bxe4 12. Qe2 Bxf3 13. Qxf3 Qe7 14. Rad1 O-O-O 15. Qe3 Kb8 16. Rfe1 Nb6 17. a4 Rxd1 18. Rxd1 f6 19. c4 Nc8 20. a5 a6 21. Bh3 Qc7 22. Qxe6 Bc5 23. Bc3 Rd8 24. Rxd8 Qxd8 25. b4 {Sanal,V (2557)-Grebnev,A (2555) chess.com INT 2025 ½-½ (103)}) ({RR} 10... Nxe4 11. Nxe4 Bxe4 12. Qe2 Bxf3 13. Qxf3 Qg5 14. Rad1 Be7 15. h4 Qg6 16. Qf4 O-O-O 17. Qa4 Bc5 18. b4 Qg4 19. c4 Qxc4 20. Bxc6 Nb6 21. Qxa7 Bxf2+ 22. Kxf2 Qxc6 23. Bd4) ({RR} 10... Nxe4 11. Nxe4 Bxe4 12. Re1 Bxf3 13. Qxf3 Qg5 14. Rad1 Qg6 15. Qf4 O-O-O 16. Be4 f5 17. Bxc6 bxc6 18. Qc4 Nc5 19. b4 Qg4 20. Rxd8+ Kxd8 21. Qxg4 fxg4 22. bxc5 Kd7 23. Rd1+ Kc8 24. Re1 Kd7 25. Re4 {Adly,A (2586)-Mas,H (2439) Dresden 2008 1-0 (62)}) 11. Qe2 O-O 12. Rfd1 Qc7 13. a3 Rfd8 14. e5 Ne8 15. Nc4 Nb6 16. Ne3 Rxd1+ 17. Rxd1 Rd8 18. c4 Nd7 19. b4 a5 20. Bc3 axb4 21. axb4 Nb6 22. c5 Rxd1+ 23. Qxd1 Nd5 24. Nxd5 exd5 25. Nd4 Qc8 26. Qh5 Bg6 27. Bh3 Qa8 28. Qd1 Bf8 29. Qa1 Qb8 30. f4 Be4 31. Qa5 Nc7 32. Kf2 Bd3 33. Ke3 Bc4 34. Kd2 Nb5 35. Nxb5 Bxb5 36. Bd4 Be7 37. Bf5 Bc4 38. h4 Bd8 39. Qa4 Bb5 40. Qa2 g6 41. Bc2 b6 42. e6 fxe6 43. Bxg6 bxc5 44. Bh7+ Kf8 45. Bxc5+ Ke8 46. Qa1 Qb7 47. Bg6+ Kd7 48. Qg7+ Kc8 49. Qxb7+ Kxb7 50. Bf7 Bf6 51. Bxe6 d4 52. h5 Kc7 53. Bf5 Bc4 54. Bf8 Kb6 55. g4 Ba2 56. Kc2 Kb5 57. Bd3+ Ka4 58. Bxh6 1-0

[Event "Jaen op 21st"]
[Site "Jaen"]
[Date "2011.02.06"]
[Round "5"]
[White "Granda Zuniga, Julio E"]
[Black "Fedorchuk, Sergey A"]
[Result "1-0"]
[WhiteElo "2615"]
[BlackElo "2650"]
[PlyCount "65"]
[EventDate "2011.02.06"]
[EventType "swiss (rapid)"]
[EventRounds "9"]
[EventCountry "ESP"]
[SourceTitle "CBM 140 Extra"]
[Source "ChessBase"]
[SourceDate "2011.03.01"]
[SourceVersion "1"]
[SourceVersionDate "2011.03.01"]
[SourceQuality "1"]

1. Nf3 {Primel,Dominique} Nf6 2. g3 b5 3. d4 ({RR} 3. e3 a6 4. Bg2 Bb7 5. O-O g6 6. b3 Bg7 7. Bb2 O-O 8. d4 d6 9. Nbd2 Nbd7 10. Qe2 c5 11. c4 Ne4 12. Nxe4 Bxe4 13. cxb5 axb5 14. Qxb5 Ra7 15. Qe2 Qa8 16. Bc3 Nb6 17. dxc5 Bxc3 {Caruana,F (2827)-Carlsen,M (2840) Chess.com INT 2017 ½-½ (86)}) ({RR} 3. c4 bxc4 4. Qa4 e6 5. Bg2 Bb7 6. Qxc4 c5 7. O-O Be7 8. d3 O-O 9. Nbd2 Nc6 10. Ne4 Nxe4 11. dxe4 d6 12. Bd2 Qb6 13. Rfe1 a5 14. Qc1 Rfc8 ({RR} 14... Rab8) 15. Bc3 Nd4 16. Qd2 Nb5 17. e5 d5 {Shirazi,K (2401)-Fedorchuk,S (2618) Avoine 2007 EXT 2010 [Primel,Dominique] 0-1 (52)}) ({RR} 3. Bg2) 3... Bb7 4. Nbd2 ({RR} 4. a4 b4 5. c4 bxc3 6. Nxc3 e6 7. Qb3 Qc8 8. Bf4 Nd5 9. Bd2 Nxc3 10. Qxc3 c5 11. Rc1 Na6 12. Bg2 Qc6 13. O-O Rc8 14. d5 exd5 15. Nh4 Qe6 16. Qc2 g6 17. Bc3 Rg8 18. Rfd1 Bc6 {Rodriguez,G (2143)-Hernandez Montes,J (2318) Medellin COL 2025 0-1 (40)}) 4... e6 5. Bg2 $146 ({RR} 5. e3 a6 6. Bd3 c5 7. c3 Nc6 8. Qe2 Be7 9. O-O O-O 10. Re1 Re8 11. Ne5 d6 12. Nxc6 Bxc6 13. e4 cxd4 14. cxd4 Qb6 15. Nb3 a5 16. Be3 Qb7 17. f3 b4 18. Rac1 a4 19. Nd2 Nd7 {Angelis,M (2224)-Rudolf,A (2337) Athens 2008 0-1 (85)}) 5... c5 6. c4 bxc4 7. Nxc4 cxd4 8. O-O d5 9. Nxd4 Nbd7 10. Qa4 Bc5 11. Na5 Qb6 12. Nxb7 Qxb7 13. Nb3 Be7 14. Na5 Qa6 15. Qc6 Qc8 16. Be3 O-O 17. Rfc1 Ne5 18. Qxc8 Rfxc8 19. f4 Nfg4 20. Bd4 Rxc1+ 21. Rxc1 Bb4 22. Nb3 Nd7 23. e4 Ngf6 24. exd5 exd5 25. Rc7 a5 26. Bxd5 Nxd5 27. Rxd7 Nf6 28. Bxf6 gxf6 29. Kg2 Rc8 30. Nd4 Bf8 31. b3 Rc1 32. Rd8 Rd1 33. Ne6 1-0

[Event "Moscow Aeroflot op-A 10th"]
[Site "Moscow"]
[Date "2011.02.14"]
[Round "7"]
[White "Bologan, Viktor"]
[Black "Danin, Alexandre"]
[Result "1-0"]
[WhiteElo "2693"]
[BlackElo "2538"]
[PlyCount "87"]
[EventDate "2011.02.08"]
[EventType "swiss"]
[EventRounds "9"]
[EventCountry "RUS"]
[SourceTitle "CBM 141 Extra"]
[Source "ChessBase"]
[SourceDate "2011.05.03"]
[SourceVersion "1"]
[SourceVersionDate "2011.05.03"]
[SourceQuality "1"]

1. e4 {ChessBase II} e6 2. d3 c5 3. Nf3 Nc6 4. c3 Nge7 5. g3 g6 6. Bg2 Bg7 7. O-O O-O 8. Be3 b6 9. Na3 ({RR} 9. Re1 Bb7 10. Nbd2 d5 11. Bg5 h6 12. Bxe7 {½-½ (12) Georgiev,K (2490)-Chatalbashev,B (2524) Cutro 1999}) 9... d5 10. Bg5 $146 ({RR} 10. Qc2 Bb7 11. Rad1 Rc8 12. Bf4 h6 13. h4 Qd7 14. Bh3 Rfd8 15. Qc1 Kh7 16. Nh2 Ne5 17. Rfe1 dxe4 18. Bxe5 Bxe5 19. dxe4 Qa4 20. Bg2 b5 21. f4 Bg7 22. e5 Bxg2 23. Kxg2 Nf5 24. Kh3 b4 {Goettert,S (2000)-Zesch,L (2246) Leipzig 2003 1-0 (60)}) ({RR} 10. Nc2 Ba6 11. Re1 Qd7 12. exd5 Nxd5 13. d4 cxd4 14. Ncxd4 Nxd4 15. Bxd4 Rad8 16. Bxg7 Kxg7 17. Qd4+ Kg8 18. Rad1 Qe7 19. Qa4 Bb7 20. Ne5 a5 21. a3 Rfe8 22. Qb5 Qc7 23. h4 h5 24. c4 Nf6 {Chemin,J (2040)-Mihailidis,A (2201) chess.com INT 2024 ½-½ (54)}) ({RR} 10. Qd2 dxe4 11. dxe4 Qxd2 12. Bxd2 Ba6 13. Rfe1 Rad8 14. Bf1 Bxf1 15. Kxf1 Na5 16. Bg5 f6 17. Be3 Nec6 18. Rad1 g5 19. e5 h6 20. exf6 Bxf6 21. Nd2 Ne5 22. Ne4 Be7 23. h3 Nac6 24. b3 a6 {Rolletschek,H-Ristoja,T Teeside 1974 EXT 1999 [ChessBase II] 1-0 (54)}) 10... h6 11. Bxe7 Qxe7 12. exd5 exd5 13. Re1 Be6 14. Nc2 Qd7 15. d4 Rad8 16. Qd2 Bg4 17. b4 Qd6 18. b5 Bxf3 19. Bxf3 Ne7 20. a4 Nf5 21. Bg4 Ne7 22. Qe3 Nc8 23. Rad1 Qc7 24. dxc5 bxc5 25. Bxc8 Qxc8 26. Qf3 Qa8 27. Re7 a6 28. b6 Qc6 29. b7 Bf6 30. Re2 Kg7 31. Rb1 Rb8 32. Ne3 Rfd8 33. Reb2 Bxc3 34. Rb6 Qxa4 35. Nxd5 Bd4 36. Ne7 c4 37. R6b4 Qc2 38. Nc6 Rd6 39. Nxb8 Rf6 40. Qxf6+ Kxf6 41. Rf1 Kg7 42. Nc6 Bxf2+ 43. Rxf2 Qd1+ 44. Rf1 1-0

[Event "Moscow Aeroflot op-A 10th"]
[Site "Moscow"]
[Date "2011.02.15"]
[Round "8"]
[White "Sethuraman, SP."]
[Black "Roussel Roozmon, Thomas"]
[Result "1-0"]
[WhiteElo "2545"]
[BlackElo "2500"]
[PlyCount "69"]
[EventDate "2011.02.08"]
[EventType "swiss"]
[EventRounds "9"]
[EventCountry "RUS"]
[SourceTitle "CBM 141 Extra"]
[Source "ChessBase"]
[SourceDate "2011.05.03"]
[SourceVersion "1"]
[SourceVersionDate "2011.05.03"]
[SourceQuality "1"]

1. Nf3 Nf6 2. g3 c5 3. Bg2 Nc6 4. O-O g6 5. d3 Bg7 6. e4 O-O 7. c3 e5 8. Nbd2 d5 9. Qe2 Re8 10. Re1 ({RR} 10. b3 b6 11. Bb2 Ba6 12. c4 dxc4 13. Nxc4 Nd7 14. Rac1 Nf8 15. Rfd1 f6 16. h4 h5 17. Ne3 Ne6 18. a3 Qd7 19. Nd5 Ne7 20. b4 Rac8 21. Ba1 Nxd5 22. exd5 Nd4 23. Nxd4 cxd4 24. Rxc8 Bxc8 {Onischuk,V (2490)-Safarli,E (2622) Konya 2011 ½-½ (96)}) 10... b6 $146 ({RR} 10... h6 11. Nf1 b6 12. Nh4 Be6 13. h3 Qd7 14. Kh2 Rad8 15. g4 Qe7 16. Nf3 h5 17. g5 Nh7 18. Ng3 c4 19. dxc4 dxc4 20. Be3 Rd3 21. Bf1 Red8 22. Qc2 R3d7 23. Rad1 Na5 24. Rxd7 Qxd7 25. Be2 {Di Lascio,S (2048)-Guido,F (2323) Genova 2006 0-1 (56)}) ({RR} 10... d4 11. c4 h6 12. a3 a5 13. Rf1 a4 14. Ne1 Kh7 15. Nc2 b6 16. b4 axb3 17. Nxb3 Bd7 18. Bd2 Qc8 19. f4 Bh3 20. Bxh3 Qxh3 21. f5 Ne7 22. fxg6+ fxg6 23. Qg2 Qxg2+ 24. Kxg2 Rf8 25. h3 {Ugorek,K (2236)-Schut,H (2087) chess.com INT 2024 1-0 (78)}) 11. exd5 Nxd5 12. Nc4 Bb7 13. Ng5 f5 14. Qf3 Nc7 15. Qd1 Na5 16. Nxa5 Bxg2 17. Kxg2 bxa5 18. Qb3+ Qd5+ 19. Nf3 Rab8 20. Qxd5+ Nxd5 21. a4 c4 22. dxc4 Nb6 23. b3 Nd7 24. Rb1 Nc5 25. Be3 Ne4 26. Rec1 Red8 27. Bxa7 Rb7 28. Be3 Rd3 29. Rd1 Rbd7 30. Rxd3 Rxd3 31. Rc1 h6 32. c5 g5 33. c6 f4 34. c7 Nd6 35. Ne1 1-0